The RICS homebuyer report (Record no. 109448)

MARC details
000 -LEADER
fixed length control field 01211cad a22002415a 4500
001 - CONTROL NUMBER
control field E147101
008 - FIXED-LENGTH DATA ELEMENTS--GENERAL INFORMATION
fixed length control field 090401s2009 xxk 000 0 eng u
035 ## - SYSTEM CONTROL NUMBER
System control number (Sirsi) u147101
041 0# - LANGUAGE CODE
Language code of text/sound track or separate title eng
050 04 - LIBRARY OF CONGRESS CALL NUMBER
Classification number 333.332 $2 18
110 2# - MAIN ENTRY--CORPORATE NAME
Corporate name or jurisdiction name as entry element Royal Institution of Chartered Surveyors
9 (RLIN) 4900
245 04 - TITLE STATEMENT
Title The RICS homebuyer report
Remainder of title property survey and valuation [sample]
Medium [electronic resource]
260 ## - PUBLICATION, DISTRIBUTION, ETC.
Place of publication, distribution, etc. [Coventry]
Name of publisher, distributor, etc. [RICS]
Date of publication, distribution, etc. [2009]
505 2# - FORMATTED CONTENTS NOTE
Formatted contents note Introduction to the report -- About the inspection -- Summary of the condition ratings -- About the property -- Outside of the property -- Inside of the property -- Services -- Grounds (including shared areas for flats) -- Issues for your legal advisers -- Risks -- Valuation -- Surveyor's declaration -- What to do now -- Description of the HomeBuyer Service
520 ## - SUMMARY, ETC.
Summary, etc. A sample copy of the new HBR Report, which will officially launch on 1 July 2009. For the accompanying Practice Note see E147099.
521 ## - TARGET AUDIENCE NOTE
Target audience note Advanced
590 ## - LOCAL NOTE (RLIN)
Local note KA
650 24 - SUBJECT ADDED ENTRY--TOPICAL TERM
Topical term or geographic name entry element HOMEBUYERS REPORT
650 24 - SUBJECT ADDED ENTRY--TOPICAL TERM
Topical term or geographic name entry element RICS VALUATION STANDARDS
651 #4 - SUBJECT ADDED ENTRY--GEOGRAPHIC NAME
Geographic name United Kingdom
Chronological subdivision
690 ## - LOCAL SUBJECT ADDED ENTRY--TOPICAL TERM (OCLC, RLIN)
Topical term or geographic name as entry element PROPERTY-RESIDENTIAL PROPERTY-RESIDENTIAL PROPERTY APPRAISAL AND VALUATION
942 ## - ADDED ENTRY ELEMENTS (KOHA)
Suppress in OPAC 0
Source of classification or shelving scheme Dewey Decimal Classification
Holdings
Withdrawn status Lost status Source of classification or shelving scheme Damaged status Not for loan Home library Current library Shelving location Date acquired Total Checkouts Full call number Barcode Date last seen Copy number Price effective from Koha item type
    Dewey Decimal Classification     Virtual Virtual Online 01/04/2009   ONLINE PUBLICATION 147101-2001 06/08/2019 1 06/08/2019 Book